| 000 -LEADER |
| fixed length control field |
00884nam a2200253Ia 4500 |
| 001 - CONTROL NUMBER |
| control field |
21342 |
| 003 - CONTROL NUMBER IDENTIFIER |
| control field |
GE_BSU |
| 005 - DATE AND TIME OF LATEST TRANSACTION |
| control field |
20210909153344.0 |
| 008 - FIXED-LENGTH DATA ELEMENTS--GENERAL INFORMATION |
| fixed length control field |
181216s2017||||ru |||||||||||||| ||rus|| |
| 020 ## - INTERNATIONAL STANDARD BOOK NUMBER |
| International Standard Book Number |
9785496007566 |
| 040 ## - CATALOGING SOURCE |
| Transcribing agency |
GE_BSU |
| 080 ## - UNIVERSAL DECIMAL CLASSIFICATION NUMBER |
| Universal Decimal Classification number |
612.821(075.8) П-86 |
| 245 ## - TITLE STATEMENT |
| Title |
Психофизиология : |
| Remainder of title |
Уч-к для студ. высш. учебн. завед. / |
| Statement of responsibility, etc. |
Под ред. Ю. И. Александрова. |
| 250 ## - EDITION STATEMENT |
| Edition statement |
4-е издание перераб. |
| 264 ## - PRODUCTION, PUBLICATION, DISTRIBUTION, MANUFACTURE, AND COPYRIGHT NOTICE |
| Place of production, publication, distribution, manufacture |
Москва : |
| Name of producer, publisher, distributor, manufacturer |
Питер, |
| Date of production, publication, distribution, manufacture, or copyright notice |
2017. |
| 300 ## - PHYSICAL DESCRIPTION |
| Extent |
463 стр. ; |
| Dimensions |
24 см. |
| 500 ## - GENERAL NOTE |
| General note |
Предм. указатель стр. 456-463 |
| 653 ## - INDEX TERM--UNCONTROLLED |
| keyword |
Психология |
| 653 ## - INDEX TERM--UNCONTROLLED |
| keyword |
Психофизиология |
| 653 ## - INDEX TERM--UNCONTROLLED |
| keyword |
ფსიქოლოგია |
| 700 ## - ADDED ENTRY--PERSONAL NAME |
| Personal name |
Александрова, Ю. И. |
| Dates associated with a name |
Редактор |
| 9 (RLIN) |
12413 |
| 942 ## - ADDED ENTRY ELEMENTS (KOHA) |
| Koha item type |
წიგნი |
| Source of classification or shelving scheme |
|